00202nam a2200097 4500082001200000100001300012245003000025260002600055300000900081650001400090 a540 MOR aMorris,J aA Level Test in Chemistry aLondonbMethuenc1965 a109p achemistry